Les arrêts du bus 64 RATP (Paris) - Statistiques

Statistiques générales
  • Ce quiz a été pris 5 fois
  • Le résultat moyen est 18 sur 36
Statistiques - réponses
Numéro Arrêts % Correct
36 Denfert-Rochereau
100%
1 Porte des Lilas
100%
19 Daumesnil - Félix Eboué
80%
4 Saint-Fargeau
80%
14 Avenue de Saint-Mandé
60%
13 Cours de Vincennes
60%
6 Gambetta - Mairie du 20ème
60%
7 Gambetta - Pyrénées
60%
15 Hôpital Trousseau
60%
12 La Plaine
60%
16 Louis Braille
60%
11 Maraîchers
60%
26 Olympiades
60%
10 Orteaux
60%
5 Pelleport - Gambetta
60%
17 Picpus - Reuilly
60%
3 Piscine des Tourelles
60%
9 Pyrénées - Bagnolet
60%
8 Ramus
60%
24 Bibliothèque - Chevaleret
40%
20 Charenton - Wattignies
40%
28 Choisy - Tolbiac
40%
32 Corvisart
40%
21 Dijon - Lachambeaudie
40%
18 Docteur Goujon - Reuilly
40%
33 Glacière - Auguste Blanqui
40%
22 Parc de Bercy
40%
25 Patay - Tolbiac
40%
30 Place d'Italie - Choisy
40%
2 Porte des Lilas - Métro
40%
27 Tolbiac - Baudricourt
40%
34 Dareau - Saint-Jacques
20%
35 Denfert-Rochereau - Saint-Jacques
20%
29 Parc de Choisy
20%
31 Place d'Italie - Blanqui
20%
23 Pont de Tolbiac
20%
Aucun quiz correspondant
Distribution des résultats
% des personnes avec chaque résultat
Percentile par nombre de réponses
Votre historique - résultats
Vous n’avez pas pris ce quiz